| 000 | 01445cad a22002535a 4500 | ||
|---|---|---|---|
| 001 | L153295 | ||
| 008 | 110706s20110705xxk f 000 0 eng d | ||
| 020 | _a9781409830207 | ||
| 035 | _a(Sirsi) u153295 | ||
| 041 | 0 | _aeng | |
| 050 | 0 | 4 | _a306.1 $2 18 |
| 110 | 2 |
_aUnited Kingdom _bDepartment for Communities and Local Government _94939 |
|
| 245 | 0 | 0 |
_aEnglish housing survey _bhousehold report 2009-2010 _h[electronic resource] |
| 260 |
_aLondon _bDCLG $2 011 |
||
| 505 | 2 | _aIntroduction -- Tenure trends and cross-tenure analysis -- owner occupiers, recent first time buyers and second homes -- Social and private renters -- New and recently moved households -- Appendix A sampling and grossing -- Appendix B sampling errors | |
| 520 | _aSurvey of households in England for 2009-2010. Statistical data on households including numbers, overcrowding, average weekly rents comparing private rented sector with social sector. English Housing Survey (EHS) started in April 2008, an amalgamation of the English House Condition Survey and Survey of English Housing. | ||
| 590 | _aKA NTK | ||
| 650 | 2 | 4 | _aENGLISH HOUSE CONDITION SURVEY |
| 650 | 2 | 4 | _aSURVEY OF ENGLISH HOUSING |
| 651 | 4 |
_aEngland _y886- |
|
| 690 | _aPROPERTY-RESIDENTIAL PROPERTY-DOMESTIC RESIDENTIAL PROPERTY-HOUSING | ||
| 856 | 4 | 0 |
_uhttps://www.communities.gov.uk/documents/statistics/pdf/1937206.pdf _zView this item free of charge at www.communities.gov.uk |
| 942 | _n0 | ||
| 999 |
_c112451 _d112451 |
||